The Complete English Poemes /
Αποθηκεύτηκε σε:
| Κύριος συγγραφέας: | |
|---|---|
| Μορφή: | Βιβλίο |
| Γλώσσα: | English |
| Έκδοση: |
London :
David Campbell,
1992.
|
| Θέματα: | |
| Ετικέτες: |
Προσθήκη ετικέτας
Δεν υπάρχουν, Καταχωρήστε ετικέτα πρώτοι!
|
| Thư viện lưu trữ: | Mạng thư viện Đại học Đà Nẵng |
|---|
| LEADER | 00923cam a2200361 i 4500 | ||
|---|---|---|---|
| 001 | 000047290 | ||
| 003 | 6890 | ||
| 005 | 20030225113835.0 | ||
| 008 | 010309|1992 vm 000 eng | ||
| 020 | |a 185715097X | ||
| 022 | |a T | ||
| 040 | |a IRC |c IRC |d IRC | ||
| 041 | 0 | |a eng | |
| 082 | 1 | 4 | |a 821 |b MI-J |
| 100 | 1 | |a Milton, John. | |
| 245 | 0 | 4 | |a The Complete English Poemes / |c John Milton ; Edited and Introduced by Gordon Campbell. |
| 260 | |a London : |b David Campbell, |c 1992. | ||
| 300 | |a 620p. ; |c 20.5cm. | ||
| 630 | 0 | 4 | |a English literature. |
| 630 | 0 | 4 | |a English poetry. |
| 630 | 0 | 4 | |a English poems. |
| 630 | 0 | 4 | |a John Milton. |
| 650 | 0 | 4 | |a Literature, English |x Poetry. |
| OWN | |a DUT | ||
| 999 | |a From the UDN01 | ||
| TYP | |a Monograph | ||
| TYP | |a Printed language | ||
| 980 | |a Mạng thư viện Đại học Đà Nẵng | ||


